000 00428nam a2200181Ia 4500
005 20250425160924.0
008 250425s9999 xx 000 0 und d
041 _aspa
082 _a350.0009866
110 _aCONADE
245 0 _aCONSULTA SOBRE TEMAS FUNDAMENTALES DEL DESARROLLO NACIONAL
250 _a1A ED.
260 _aEcuador
_bCONACYT
_c1987
260 _aS.L.
300 _a173
942 _c01
010 _a8398
999 _c198894
_d198894